The origins and history of consciousness = El origen y la historia de la consciencia /
Uloženo v:
| Hlavní autor: | |
|---|---|
| Médium: | Neznámo |
| Jazyk: | English |
| Vydáno: |
New Jerse :
Princeton University Press,
1970.
|
| Vydání: | 1 edición |
| Témata: | |
| Tagy: |
Přidat tag
Žádné tagy, Buďte první, kdo vytvoří štítek k tomuto záznamu!
|
MARC
| LEADER | 000000000a22000000004500 | ||
|---|---|---|---|
| 001 | 012701 | ||
| 020 | |a 0691017611 | ||
| 041 | 0 | |a eng | |
| 082 | 0 | 4 | |a 153.7 |b N566o |
| 100 | 1 | |a Neumann, Erick, |d 1905 | |
| 245 | 1 | 4 | |a The origins and history of consciousness = |b El origen y la historia de la consciencia / |c Erick Neumann. |
| 246 | 3 | 1 | |a El origen y la historia de la consciencia |
| 250 | |a 1 edición | ||
| 260 | 1 | |a New Jerse : |b Princeton University Press, |c 1970. | |
| 300 | |a 4936 páginas | ||
| 500 | |a Material disponible en BCMA | ||
| 650 | 4 | |a CONCIENCIA (PSICOLOGIA) | |
| 650 | 4 | |a PERSONALIDAD | |
| 500 | |a Colección George Yúdice | ||
| 999 | |c 18655 |d 18655 | ||
| 942 | |c BK |h 153.7 N566o |2 z | ||



